Das Leben des Politikers, oder, Über Josef eine philosophische Erzählung /

محفوظ في:

المؤلف الرئيسي: Philo, of Alexandria (مؤلف)

مؤلفون آخرون: Lang, Bernhard, 1946-

التنسيق: كتاب

اللغة: German

منشور في: Göttingen : Vandenhoeck & Ruprecht, 2017.

سلاسل: Kleine bibliothek der antiken judischen und christlichen Literatur.

الموضوعات:

الوسوم: إضافة وسم

لا توجد وسوم, كن أول من يضع وسما على هذه التسجيلة!

رقم الطلب: PA4270 .P45

LEADER 01174namaa2200289 4500
003 OSt
005 20200824095317.0
008 130303s2017 gw e b 000 0 ger d
952 |0 0  |1 0  |2 lcc  |4 0  |6 PA4270 P45  |7 1  |9 5256  |a ARCE  |b ARCE  |d 2020-08-24  |l 0  |o PA4270 .P45  |p 1018835  |r 2020-08-24 00:00:00  |w 2020-08-24  |y BK 
999 |c 8969  |d 8969 
020 |a 9783525534687 
040 |c ARCE Library 
050 0 4 |a PA4270 .P45 
100 0 |a Philo,  |c of Alexandria,  |e author  |9 37602 
245 1 0 |a Das Leben des Politikers, oder, Über Josef eine philosophische Erzählung /  |c Philo von Alexandria ; übersetzt und eingeleitet von Bernhard Lang. 
264 1 |a Göttingen :  |b Vandenhoeck & Ruprecht,  |c 2017. 
300 |a 107 pages ;  |c 21 cm. 
336 |a text  |b txt  |2 rdacontent 
337 |a unmediated  |b n  |2 rdamedia 
338 |a volume  |b nc  |2 rdacarrier 
490 0 |a Kleine bibliothek der antiken judischen und christlichen Literatur. 
504 |a Includes bibliographical references and glossary. 
600 0 0 |a Joseph  |c (Son of Jacob) 
630 0 0 |a Bible.  |p Genesis, I-III  |x Criticism, Interpretation, etc  |v Early works to 1800 
700 1 |a Lang, Bernhard,  |d 1946- 
901 |a reviewed 
942 |c BK  |2 lcc